Codigo sustantivo laboral Decreto 2663 de 1950 ; Codigo procesal laboral Decreto 2158 de 1948; Reforma laboral Ley 50 de 1990 (Record no. 7162)

MARC details
000 -LEADER
campo de control de longitud fija 00499nam a2200145Ia 4500
008 - DATOS DE LONGITUD FIJA--INFORMACIÓN GENERAL
campo de control de longitud fija 231129s1990||||xx |||||||||||||| ||spa||
020 ## - NÚMERO INTERNACIONAL ESTÁNDAR DEL LIBRO
Número Internacional Estándar del Libro 958-8017-09-2
040 ## - FUENTE DE CATALOGACIÓN
Lengua de catalogación spa
082 ## - NÚMERO DE LA CLASIFICACIÓN DECIMAL DEWEY
Número de clasificación 344.861026 C718
100 ## - ENTRADA PRINCIPAL--NOMBRE DE PERSONA
Nombre de persona Colombia. [Codigo sustantivo laboral]
245 #0 - MENCIÓN DEL TÍTULO
Título Codigo sustantivo laboral Decreto 2663 de 1950 ; Codigo procesal laboral Decreto 2158 de 1948; Reforma laboral Ley 50 de 1990
260 ## - PUBLICACIÓN, DISTRIBUCIÓN, ETC.
Fecha de publicación, distribución, etc. 1990
264 ## - PRODUCCIÓN, PUBLICACIÓN, DISTRIBUCIÓN, FABRICACIÓN Y COPYRIGHT
Producción, publicación, distribución, fabricación y copyright 3 R Editores
942 ## - ELEMENTOS DE ENTRADA SECUNDARIOS (KOHA)
Fuente del sistema de clasificación o colocación Clasificación Decimal Dewey
Tipo de ítem Koha
Holdings
Estatus retirado Estado de pérdida Fuente del sistema de clasificación o colocación Estado de daño No para préstamo Biblioteca de origen Biblioteca actual Fecha de adquisición Total de préstamos Signatura topográfica completa Código de barras Visto por última vez Copia número Precio de reemplazo Tipo de ítem Koha
    Clasificación Decimal Dewey     BIBLIOTECA PÚBLICA MUNICIPAL RAMON CORREA MEJIA BIBLIOTECA PÚBLICA MUNICIPAL RAMON CORREA MEJIA 09/07/2009   344.861026 C718 9841 29/11/2023 1 29/11/2023 Libros

Powered by Koha